000
00337nam a2200145Ia 4500
008
230718s9999 xx 000 0 und d
041
_a
Eng.
082
_a
347.076
_b
DOU-C
100
_a
dourat ram prem
245
0
_a
cross examination
260
_a
Pakistan
_b
omer law book house
_c
2018
300
_a
626
650
_a
Law
999
_c
33040
_d
33040